000 00783nam1a22002171i 4500
001 rc\1188898
005 20240724000804.0
035 _a(NLR Aleph) 005973689
090 _a6959055
_c6959055
100 _a20060320d1984 u |0rusy50 ca
101 0 _arus
102 _aRU
105 _ay |||||||||
200 1 _aМетодические указания по ведению государственного водного кадастра
_fГос. ком. СССР по гидрометеорологии и контролю природ. среды СССР, Гидрохим. ин-т
210 _aЛ.
_cГидрометеоиздат
_d1984
215 _d21
333 _aДСП
801 0 _aRU
_bNLR
_gpsbo
801 1 _aRU
_bELAR
_2rusmarc
852 _aNLR
_j84-50К/5905
942 _cBOOK